[Event "4NCL Online Division 2"]
[Site "online"]
[Date "2021.03.23"]
[EventDate "2021.03.23"]
[Round "5.54"]
[White "Merriman, James"]
[WhiteElo "1944"]
[WhiteTeam "Kent KJCA Kestrels B"]
[Black "Retallick, Lloyd"]
[BlackElo "1982"]
[BlackTeam "Trelawny's Army"]
[Result "1-0"]
[PlyCount "137"]

1. d4 d5 2. c4 e6 3. Nc3 Be7 4. cxd5 exd5 5. Bf4 c6 6. e3 Bf5 7. g4 Be6 8. h4 Qb6 9. Rb1 Nf6 10. g5 Ne4 11. Bd3 Bb4 12. Qc2 c5 13. Ne2 Nc6 14. f3 cxd4 15. fxe4 dxc3 16. bxc3 Qa5 17. cxb4 Nxb4 18. Rxb4 Qxb4+ 19. Qc3 a5 20. exd5 Bxd5 21. O-O Qxc3 22. Nxc3 Be6 23. Bd6 Kd7 24. Be5 Rhc8 25. Ne4 Bxa2 26. Bxg7 Bc4 27. Bxc4 Rxc4 28. Rxf7+ Ke6 29. Rf6+ Kd5 30. Nd2 Rxh4 31. Rf5+ Ke6 32. Re5+ Kf7 33. Bf6 Rb4 34. Re7+ Kg6 35. Rg7+ Kf5 36. Rxh7 a4 37. Kf2 a3 38. Rh1 a2 39. Ra1 b5 40. Ke2 Rg4 41. Nb3 b4 42. Nd4+ Ke4 43. Kf2 Rf8 44. Nf3 Ra8 45. Rd1 Kf5 46. Nd4+ Kg6 47. Nb3 Ra3 48. Na1 Rh4 49. Rd6 Kf7 50. Rb6 Rh2+ 51. Kf3 Rh3+ 52. Kg4 Rhxe3 53. Rb7+ Kf8 54. Rxb4 Rg3+ 55. Kf5 Raf3+ 56. Kg6 Ke8 57. Ra4 Ra3 58. Rb4 Ra8 59. Rb7 Rga3 60. Rh7 R3a7 61. Rh8+ Kd7 62. Rxa8 Rxa8 63. Kf7 Kc6 64. g6 Ra7+ 65. Be7 Ra4 66. g7 Rf4+ 67. Kg6 Kd7 68. Bg5 Rf1 69. g8=Q {[W: 0:01:03; B: 0:00:49]} 1-0

[Event "4NCL Online Division 2"]
[Site "online"]
[Date "2021.03.23"]
[EventDate "2021.03.23"]
[Round "5.61"]
[White "Dinter, Brian"]
[WhiteElo "2272"]
[WhiteTeam "Stroud Youngies"]
[Black "Turner, Tim M"]
[BlackElo "1854"]
[BlackTeam "Hull & Beverley Romans 2"]
[Result "1-0"]
[PlyCount "75"]

1. d4 Nf6 2. Bf4 d5 3. e3 e6 4. Nf3 Be7 5. Bd3 Nbd7 6. h3 O-O 7. Nbd2 c5 8. c3 b6 9. O-O Bb7 10. a4 Ne4 11. a5 c4 12. Bc2 b5 13. Nxe4 dxe4 14. Nd2 f5 15. b3 Rc8 16. bxc4 bxc4 17. Qb1 Ba6 18. Ba4 Nf6 19. Bb5 Bxb5 20. Qxb5 Nd5 21. Rfc1 Nxf4 22. exf4 Qd5 23. Rcb1 g5 24. Qxd5 exd5 25. Rb7 Rfe8 26. Rxa7 gxf4 27. a6 Bg5 28. Rd7 f3 29. Nf1 f4 30. Rxd5 h6 31. gxf3 e3 32. fxe3 fxe3 33. Ng3 Ra8 34. Kf1 Bh4 35. Ne4 Rf8 36. Ke2 Rae8 37. Kxe3 Bg5+ 38. Ke2 {[W: 0:28:21; B: 0:00:18]} 1-0

[Event "4NCL Online Division 2"]
[Site "online"]
[Date "2021.03.23"]
[EventDate "2021.03.23"]
[Round "5.62"]
[White "Carmichael, Ned"]
[WhiteElo "1855"]
[WhiteTeam "Hull & Beverley Romans 2"]
[Black "Southcott-Moyers, Indy"]
[BlackElo "1656"]
[BlackTeam "Stroud Youngies"]
[Result "0-1"]
[PlyCount "70"]

1. c4 e6 2. Nc3 d5 3. d4 c5 4. cxd5 exd5 5. Nf3 Nf6 6. g3 Be7 7. Bg2 O-O 8. O-O Nc6 9. Bg5 c4 10. Ne5 Be6 11. b3 cxb3 12. Nxc6 bxc6 13. Qxb3 Ne4 14. Bxe7 Qxe7 15. Nxe4 dxe4 16. Qc2 Bd5 17. e3 f5 18. Rab1 Rab8 19. Rb2 Rb6 20. Rxb6 axb6 21. a4 Ra8 22. Rb1 Qa7 23. Rb4 Qa5 24. Qb1 g6 25. Bf1 Kg7 26. Bc4 Bxc4 27. Rxc4 b5 28. Rxc6 Qxa4 29. Rb6 Rc8 30. Rxb5 Qa3 31. Qb2 Qd3 32. Rb7+ Kh6 33. Qb1 Qd2 34. Rb2 Rc1+ 35. Kg2 Qe1 {[W: 0:00:45; B: 0:15:41]} 0-1

[Event "4NCL Online Division 2"]
[Site "online"]
[Date "2021.03.23"]
[EventDate "2021.03.23"]
[Round "5.63"]
[White "Carey, Alex"]
[WhiteElo "1517"]
[WhiteTeam "Stroud Youngies"]
[Black "Johnstone, J Gerry"]
[BlackElo "1669"]
[BlackTeam "Hull & Beverley Romans 2"]
[Result "1/2-1/2"]
[PlyCount "40"]

1. e4 e6 2. d4 d5 3. exd5 exd5 4. Nf3 Bg4 5. Bd3 Nc6 6. c3 Bd6 7. O-O Nge7 8. Bg5 f6 9. Bh4 Qd7 10. a4 O-O-O 11. Nbd2 g5 12. Bg3 h5 13. Bxd6 Qxd6 14. b4 Rde8 15. a5 h4 16. b5 Nd8 17. c4 dxc4 18. Nxc4 Qf4 19. b6 Ndc6 20. a6 cxb6 {[W: 0:08:57; B: 0:29:16]} 1/2-1/2

[Event "4NCL Online Division 2"]
[Site "online"]
[Date "2021.03.23"]
[EventDate "2021.03.23"]
[Round "5.64"]
[White "Greep, Stephen"]
[WhiteElo "1632"]
[WhiteTeam "Hull & Beverley Romans 2"]
[Black "Edwards, Jacob"]
[BlackElo "1420"]
[BlackTeam "Stroud Youngies"]
[Result "1-0"]
[PlyCount "71"]

1. e4 d5 2. exd5 Nf6 3. d4 Nxd5 4. Nf3 Bf5 5. Be2 e6 6. c4 Nf6 7. Nc3 Bb4 8. Bd2 O-O 9. a3 Be7 10. O-O c5 11. dxc5 Bxc5 12. Bf4 Nc6 13. Nb5 a6 14. Bd6 Bxd6 15. Nxd6 Rb8 16. Nxf5 exf5 17. Re1 Ne4 18. Bd3 Re8 19. Bc2 Qf6 20. Qb1 Qg6 21. Bxe4 fxe4 22. Nd2 f5 23. Re3 Rbd8 24. Nb3 f4 25. Re1 Ne5 26. Qxe4 Qxe4 27. Rxe4 Nd3 28. Rxe8+ Rxe8 29. Kf1 Nxb2 30. c5 Rc8 31. Ke2 Na4 32. Rc1 Kf7 33. Rc4 Nb2 34. Rxf4+ Ke6 35. Rb4 Kd5 36. Rxb7 {[W: 0:13:58; B: 0:36:54]} 1-0

[Event "4NCL Online Division 2"]
[Site "online"]
[Date "2021.03.23"]
[EventDate "2021.03.23"]
[Round "5.71"]
[White "Walkusz, Miroslaw"]
[WhiteTitle "CM"]
[WhiteElo "2174"]
[WhiteTeam "Harrow 2"]
[Black "Hampton, Christopher"]
[BlackElo "1942"]
[BlackTeam "Anglia Avengers 2"]
[Result "1-0"]
[PlyCount "61"]

1. d4 d5 2. c4 e6 3. cxd5 exd5 4. Nc3 Nf6 5. Bg5 Be7 6. Qc2 O-O 7. e3 c6 8. Bd3 Nbd7 9. Nf3 Re8 10. O-O Nf8 11. h3 Be6 12. Bxf6 Bxf6 13. b4 a6 14. Na4 Be7 15. Nc5 Qc7 16. Nxe6 fxe6 17. Rab1 Bd6 18. e4 dxe4 19. Bxe4 Rad8 20. a4 e5 21. Qb3+ Qf7 22. d5 h6 23. dxc6 Qxb3 24. Rxb3 b6 25. b5 a5 26. Rd1 Bc7 27. Rbd3 Rxd3 28. Rxd3 Kf7 29. Kf1 Kf6 30. Nd2 Re7 31. Rf3+ {[W: 0:29:57; B: 0:17:41]} 1-0

[Event "4NCL Online Division 2"]
[Site "online"]
[Date "2021.03.23"]
[EventDate "2021.03.23"]
[Round "5.72"]
[White "Kenning, Paul H"]
[WhiteElo "1826"]
[WhiteTeam "Anglia Avengers 2"]
[Black "Dhemrait, Jagdeep"]
[BlackElo "2024"]
[BlackTeam "Harrow 2"]
[Result "1/2-1/2"]
[PlyCount "41"]

1. e4 c5 2. Nf3 Nc6 3. Bb5 a6 4. Bxc6 bxc6 5. d3 d5 6. O-O Bg4 7. Nbd2 Nf6 8. h3 Bh5 9. Re1 e6 10. b3 Be7 11. Bb2 O-O 12. Qe2 Qc7 13. Be5 Qb6 14. a4 a5 15. Nf1 Nd7 16. Bb2 h6 17. Ng3 Bg6 18. Nd2 Bf6 19. e5 Bg5 20. Nf3 Be7 21. Kh1 {[W: 0:10:03; B: 0:17:29]} 1/2-1/2

[Event "4NCL Online Division 2"]
[Site "online"]
[Date "2021.03.23"]
[EventDate "2021.03.23"]
[Round "5.73"]
[White "O'shea, Colm"]
[WhiteElo "1691"]
[WhiteTeam "Harrow 2"]
[Black "Stephens, Robert Wynn"]
[BlackElo "1784"]
[BlackTeam "Anglia Avengers 2"]
[Result "1-0"]
[PlyCount "91"]

1. e4 g6 2. d4 Bg7 3. Nc3 d6 4. Be3 a6 5. Qd2 b5 6. O-O-O Bb7 7. f3 Nd7 8. h4 c5 9. h5 Qc7 10. Kb1 O-O-O 11. Nh3 h6 12. hxg6 fxg6 13. dxc5 Nxc5 14. Nf4 g5 15. Ncd5 Bxd5 16. Nxd5 Qc6 17. Qa5 e6 18. Nb4 Qc7 19. Qxc7+ Kxc7 20. Bxc5 dxc5 21. Rxd8 Kxd8 22. Nxa6 c4 23. Nc5 Ke7 24. a4 bxa4 25. Bxc4 a3 26. bxa3 Nf6 27. Nxe6 Rb8+ 28. Kc1 Bh8 29. Rxh6 Kd6 30. Nxg5 Kc5 31. Bb3 Kd4 32. Nf7 Bg7 33. Rg6 Ne8 34. Nd6 Nxd6 35. Rxg7 Ke3 36. e5 Nf5 37. Rg8 Rb7 38. e6 Re7 39. Rg5 Nd4 40. Kb2 Nxb3 41. cxb3 Rxe6 42. a4 Rd6 43. Ka3 Kd4 44. Rg4+ Kc3 45. Rc4+ Kd3 46. f4 {[W: 0:06:06; B: 0:19:58]} 1-0

[Event "4NCL Online Division 2"]
[Site "online"]
[Date "2021.03.23"]
[EventDate "2021.03.23"]
[Round "5.74"]
[White "Paez, Alonso"]
[WhiteElo "1612"]
[WhiteTeam "Anglia Avengers 2"]
[Black "Dhemrait, Surjit S"]
[BlackElo "1640"]
[BlackTeam "Harrow 2"]
[Result "0-1"]
[PlyCount "98"]

1. f4 e6 2. e4 b6 3. Nf3 Bb7 4. Nc3 Bb4 5. e5 Ne7 6. d4 Nd5 7. Bd2 Bxc3 8. bxc3 d6 9. c4 Ne7 10. Bd3 dxe5 11. fxe5 Bxf3 12. Qxf3 Qxd4 13. Qxa8 Qxa1+ 14. Kf2 Qxh1 15. Qxb8+ Kd7 16. Qxh8 Qxh2 17. Qxg7 Qh4+ 18. Qg3 Qh5 19. Qf3 Qh4+ 20. Ke2 Ke8 21. Be4 Kd7 22. Qd3+ Ke8 23. Bxh7 Qh5+ 24. Kf2 Qxe5 25. Qe4 Qf6+ 26. Ke2 Qg7 27. Qa8+ Kd7 28. Be4 Qe5 29. Kf3 Qh5+ 30. Kf2 Qc5+ 31. Be3 Qxc4 32. Bd3 Qh4+ 33. Ke2 Qa4 34. Qf8 f5 35. Bg5 Qg4+ 36. Kf1 Qxg5 37. Bb5+ c6 38. Bd3 Qf4+ 39. Kg1 Qe3+ 40. Kh1 Qc1+ 41. Kh2 Qf4+ 42. Kg1 Qd4+ 43. Kh2 Qe5+ 44. Kh1 Qa1+ 45. Kh2 Qxa2 46. Qb8 Nd5 47. Qe5 Qa4 48. c4 Ne7 49. Qd4+ Ke8 {Time forfeit} {[W: 0:00:29; B: 0:26:57]} 0-1

[Event "4NCL Online Division 2"]
[Site "online"]
[Date "2021.03.23"]
[EventDate "2021.03.23"]
[Round "5.81"]
[White "Smith, Olivia"]
[WhiteTitle "WFM"]
[WhiteElo "2172"]
[WhiteTeam "Fischerâ€™s Catch"]
[Black "Burrows, Martin P"]
[BlackElo "2175"]
[BlackTeam "Wigston 1"]
[Result "1/2-1/2"]
[PlyCount "64"]

1. e4 e5 2. Nf3 Nc6 3. Bc4 Bc5 4. c3 Nf6 5. d3 h6 6. O-O d6 7. a4 a6 8. Re1 Be6 9. Bxe6 fxe6 10. d4 Bb6 11. Qb3 Qd7 12. dxe5 Ng4 13. Rf1 Ngxe5 14. Nxe5 Nxe5 15. Be3 Bxe3 16. fxe3 O-O-O 17. Nd2 Rhf8 18. Nc4 Nxc4 19. Qxc4 e5 20. b4 Rxf1+ 21. Qxf1 Qc6 22. Qd3 Rf8 23. c4 Qd7 24. a5 Kd8 25. b5 Ke7 26. Rf1 Rxf1+ 27. Kxf1 Qc8 28. h3 Qa8 29. Qc3 b6 30. axb6 cxb6 31. bxa6 Qxa6 32. Qd3 Qb7 {[W: 0:02:52; B: 0:06:49]} 1/2-1/2

[Event "4NCL Online Division 2"]
[Site "online"]
[Date "2021.03.23"]
[EventDate "2021.03.23"]
[Round "5.82"]
[White "Horspool, Philip J"]
[WhiteElo "2040"]
[WhiteTeam "Wigston 1"]
[Black "Sivarajasingam, Venetia"]
[BlackElo "2023"]
[BlackTeam "Fischerâ€™s Catch"]
[Result "1-0"]
[PlyCount "63"]

1. e4 e6 2. d4 d5 3. Nd2 dxe4 4. Nxe4 Nd7 5. Nf3 Ngf6 6. Bd3 Nxe4 7. Bxe4 Nf6 8. Bd3 c5 9. O-O Be7 10. dxc5 Bxc5 11. Bg5 Qb6 12. Bxf6 gxf6 13. Qe2 Bd7 14. c3 h5 15. b4 Bd6 16. Nd2 Qc7 17. h3 Qxc3 18. Ne4 Qe5 19. Nxd6+ Qxd6 20. Rfd1 Qb6 21. Rac1 Ke7 22. b5 Rag8 23. Qb2 e5 24. Qb4+ Ke8 25. Bf1 a5 26. Qa3 Qe6 27. Qxa5 f5 28. Qa8+ Ke7 29. Qxb7 Rb8 30. Qf3 Bxb5 31. Qa3+ Kf6 32. Rd6 {Time forfeit} {[W: 0:00:54; B: 0:00:27]} 1-0

[Event "4NCL Online Division 2"]
[Site "online"]
[Date "2021.03.23"]
[EventDate "2021.03.23"]
[Round "5.83"]
[White "Fraser, Susanna"]
[WhiteElo "1815"]
[WhiteTeam "Fischerâ€™s Catch"]
[Black "Turner, Lewis A"]
[BlackElo "1917"]
[BlackTeam "Wigston 1"]
[Result "0-1"]
[PlyCount "120"]

1. d4 d5 2. Bf4 c5 3. e3 Nc6 4. c3 Bf5 5. Bd3 Bxd3 6. Qxd3 Nf6 7. Nd2 e6 8. Ngf3 Be7 9. Ne5 Rc8 10. O-O O-O 11. Rab1 Nh5 12. Nxc6 Rxc6 13. Bg3 Nxg3 14. fxg3 Qa5 15. a3 cxd4 16. exd4 b5 17. Nf3 f6 18. Rfe1 Qb6 19. Kh1 a5 20. Rbc1 Rfc8 21. Nd2 b4 22. axb4 axb4 23. c4 dxc4 24. Rxc4 Rxc4 25. Nxc4 Qc6 26. b3 Rd8 27. h3 e5 28. Re4 Bc5 29. Nxe5 fxe5 30. Qc4+ Qd5 31. dxc5 Qxc4 32. Rxc4 Rc8 33. Kg1 Kf7 34. Kf2 Ke6 35. Ke3 Kd5 36. Rxb4 Rxc5 37. Rc4 Rb5 38. Rc3 e4 39. h4 h6 40. Kf4 Kd4 41. Rc4+ Kd3 42. g4 g5+ 43. hxg5 hxg5+ 44. Kg3 e3 45. Kf3 Re5 46. Rc1 Kd2 47. Ra1 e2 48. Ra2+ Kd3 49. Ra1 e1=Q 50. Rxe1 Rxe1 51. b4 Kc4 52. Kf2 Re4 53. Kf3 Rf4+ 54. Kg3 Kxb4 55. Kh3 Kc4 56. Kg3 Kd4 57. Kh3 Ke3 58. Kg3 Rf7 59. Kh2 Kf2 60. Kh3 Rh7# {[W: 0:02:21; B: 0:15:58]} 0-1

[Event "4NCL Online Division 2"]
[Site "online"]
[Date "2021.03.23"]
[EventDate "2021.03.23"]
[Round "5.84"]
[White "Morley, Andrew J"]
[WhiteElo "1974"]
[WhiteTeam "Wigston 1"]
[Black "Headlong, Georgia"]
[BlackElo "1757"]
[BlackTeam "Fischerâ€™s Catch"]
[Result "1/2-1/2"]
[PlyCount "68"]

1. e4 e5 2. Nf3 Nf6 3. d4 Nxe4 4. Bd3 d5 5. Nxe5 Nd7 6. Nxd7 Bxd7 7. O-O Bd6 8. c4 c6 9. Nc3 O-O 10. Qh5 f5 11. cxd5 Nf6 12. Qf3 cxd5 13. Nxd5 Bc6 14. Nxf6+ Qxf6 15. d5 Qe5 16. Bf4 Qxf4 17. Qxf4 Bxf4 18. dxc6 bxc6 19. Rfe1 g6 20. g3 Bg5 21. f4 Bf6 22. Rab1 Rfe8 23. b3 Bd4+ 24. Kg2 c5 25. Kf1 Kf8 26. Re2 Rxe2 27. Bxe2 Rb8 28. Bc4 a5 29. a4 Re8 30. Re1 Rxe1+ 31. Kxe1 Bg1 32. h3 Kg7 33. Kf1 Bd4 34. Kg2 h5 {[W: 0:02:00; B: 0:03:45]} 1/2-1/2

[Event "4NCL Online Division 2"]
[Site "online"]
[Date "2021.03.23"]
[EventDate "2021.03.23"]
[Round "5.91"]
[White "Pollock, Richard M"]
[WhiteElo "1982"]
[WhiteTeam "Plymouth 1"]
[Black "Hasson, Peter"]
[BlackElo "2073"]
[BlackTeam "CSC 2"]
[Result "0-1"]
[PlyCount "74"]

1. e4 d6 2. d4 Nf6 3. Nc3 g6 4. g3 Bg7 5. Bg2 O-O 6. Nge2 e5 7. O-O Nc6 8. h3 exd4 9. Nxd4 Nxe4 10. Nxc6 Nxc3 11. Qf3 bxc6 12. bxc3 Bd7 13. Rb1 Rb8 14. Be3 a5 15. Bd4 Re8 16. Bxg7 Kxg7 17. c4 Qf6 18. Qa3 Qe5 19. Rb3 Rxb3 20. cxb3 Qc3 21. Rc1 Re1+ 22. Rxe1 Qxe1+ 23. Kh2 Qc3 24. Kg1 h5 25. h4 Kf6 26. Kh2 Kg7 27. Kg1 Kf8 28. Kh2 Ke7 29. Kg1 Qd2 30. Kh2 Qc3 31. Kg1 c5 32. Kh2 Kf8 33. Kg1 Kg7 34. Kh2 Kh7 35. Kg1 Qe1+ 36. Kh2 Qxf2 37. Qxa5 Bc6 {[W: 0:12:33; B: 0:05:46]} 0-1

[Event "4NCL Online Division 2"]
[Site "online"]
[Date "2021.03.23"]
[EventDate "2021.03.23"]
[Round "5.92"]
[White "Lawson, Maurice E"]
[WhiteElo "2070"]
[WhiteTeam "CSC 2"]
[Black "Butland, Nick J"]
[BlackElo "1899"]
[BlackTeam "Plymouth 1"]
[Result "1-0"]
[PlyCount "131"]

1. e4 e6 2. d4 d5 3. Nc3 Bb4 4. exd5 exd5 5. Bd3 Nf6 6. a3 Bd6 7. Bg5 c6 8. Nge2 O-O 9. Qd2 Bg4 10. O-O Nbd7 11. f3 Bh5 12. Nf4 Qc7 13. g3 h6 14. Nxh5 Nxh5 15. Be3 f5 16. Bf2 Rae8 17. Rae1 Qb8 18. Rxe8 Qxe8 19. Re1 Qg6 20. Kf1 Nb6 21. Qe2 Kh8 22. Qe6 Rf6 23. Qe8+ Qxe8 24. Rxe8+ Rf8 25. Rxf8+ Bxf8 26. Bxf5 Nc4 27. Nd1 Nf6 28. Ke2 b5 29. Be3 a5 30. Bc1 b4 31. axb4 axb4 32. Ne3 Nd6 33. Bg6 Nb5 34. Kd3 Kg8 35. Nf5 c5 36. dxc5 Bxc5 37. Be3 Bxe3 38. Nxe3 Kf8 39. Nf5 Nd7 40. f4 Nc5+ 41. Ke3 Na4 42. Nd4 Nxd4 43. Kxd4 Nxb2 44. Kxd5 Ke7 45. Kc5 Nd1 46. Kxb4 Ne3 47. Bd3 Nd5+ 48. Kc5 Nf6 49. c4 g5 50. fxg5 hxg5 51. Kc6 Ne8 52. c5 Nf6 53. Kb7 Ne8 54. c6 Nd6+ 55. Kb6 Ke6 56. c7 Nc8+ 57. Kc6 Ne7+ 58. Kb7 Kf6 59. c8=Q Nxc8 60. Kxc8 Kg7 61. Kd7 Kh6 62. Ke6 Kh5 63. Be2+ Kg6 64. Bg4 Kg7 65. Kf5 Kh6 66. Kf6 {[W: 0:01:26; B: 0:02:14]} 1-0

[Event "4NCL Online Division 2"]
[Site "online"]
[Date "2021.03.23"]
[EventDate "2021.03.23"]
[Round "5.93"]
[White "Quinn, Martin"]
[WhiteElo "1805"]
[WhiteTeam "Plymouth 1"]
[Black "Kallitsis, Nikolaos"]
[BlackElo "2055"]
[BlackTeam "CSC 2"]
[Result "0-1"]
[PlyCount "98"]

1. e4 e6 2. Nf3 d5 3. exd5 exd5 4. d4 Nc6 5. Bb5 Bd6 6. c4 dxc4 7. d5 a6 8. Ba4 b5 9. dxc6 Bb4+ 10. Bd2 Qe7+ 11. Qe2 Qxe2+ 12. Kxe2 Bxd2 13. Nbxd2 bxa4 14. Nxc4 Be6 15. Ne3 Rb8 16. Rhb1 Ne7 17. Nd4 Rb6 18. Nxe6 fxe6 19. b3 axb3 20. Rxb3 Nxc6 21. Rxb6 cxb6 22. a4 Ke7 23. f4 Rd8 24. Rb1 b5 25. axb5 axb5 26. Nc2 Rd5 27. Nb4 Nxb4 28. Rxb4 Kd6 29. Ke3 Kc5 30. Re4 Rd6 31. Re5+ Kc4 32. f5 exf5 33. Rxf5 g6 34. Rf7 h5 35. Ke4 Re6+ 36. Kf3 b4 37. Rb7 b3 38. g4 Kc3 39. gxh5 gxh5 40. Kf4 Re2 41. h4 Rg2 42. Rc7+ Kd3 43. Rd7+ Kc2 44. Rc7+ Kb1 45. Kf3 Rg4 46. Rb7 b2 47. Ke3 Rxh4 48. Kd2 Rh2+ 49. Ke3 Kc1 {[W: 0:16:52; B: 0:03:24]} 0-1

[Event "4NCL Online Division 2"]
[Site "online"]
[Date "2021.03.23"]
[EventDate "2021.03.23"]
[Round "5.94"]
[White "Samarasinghe Jude, Ranga"]
[WhiteElo "1965"]
[WhiteTeam "CSC 2"]
[Black "Hart-Davis, Adam"]
[BlackElo "1728"]
[BlackTeam "Plymouth 1"]
[Result "1-0"]
[PlyCount "101"]

1. e4 d5 2. exd5 Qxd5 3. Nc3 Qa5 4. Nf3 Nf6 5. Be2 Bf5 6. O-O e6 7. Nd4 c6 8. d3 Qc7 9. Be3 Bd6 10. h3 O-O 11. Bf3 Nbd7 12. Nxf5 exf5 13. Bg5 Rfe8 14. Qd2 Re6 15. Rae1 Rae8 16. Re2 Rxe2 17. Bxe2 Bb4 18. Bf3 Re6 19. a3 Ba5 20. b4 Bb6 21. Bf4 Qd8 22. Re1 Qe7 23. Kf1 Bd4 24. Ne2 Be5 25. c4 Bxf4 26. Nxf4 Rxe1+ 27. Qxe1 Qxe1+ 28. Kxe1 g5 29. Ne2 Ne5 30. Nd4 Nxd3+ 31. Kd2 Ne5 32. Kc3 Nxf3 33. gxf3 f4 34. Nf5 Ne8 35. Kd4 f6 36. Kc5 Kf7 37. Nd6+ Ke7 38. Nxb7 Kd7 39. Kd4 h5 40. a4 Kc7 41. Nc5 Ng7 42. Ke4 f5+ 43. Ke5 g4 44. fxg4 fxg4 45. hxg4 h4 46. Kxf4 Kd6 47. g5 Ke7 48. Kg4 Nf5 49. Ne4 Kf7 50. Kxf5 h3 51. g6+ {[W: 0:29:28; B: 0:38:30]} 1-0

[Event "4NCL Online Division 2"]
[Site "online"]
[Date "2021.03.23"]
[EventDate "2021.03.23"]
[Round "5.101"]
[White "Whyte, Brian G"]
[WhiteElo "2134"]
[WhiteTeam "Malpas/Oswestry/Friends"]
[Black "Crowther, Mark D"]
[BlackElo "2078"]
[BlackTeam "Bradford DCA Knights A"]
[Result "1-0"]
[PlyCount "59"]

1. e4 e5 2. Nc3 Nf6 3. f4 d5 4. fxe5 Nxe4 5. Nf3 Be7 6. Qe2 Nxc3 7. dxc3 O-O 8. Bf4 c6 9. O-O-O Qa5 10. Kb1 b5 11. Qe1 Bf5 12. Bd3 Bg6 13. Bxg6 fxg6 14. Qg3 Nd7 15. Nd4 Qb6 16. Ne6 Rfe8 17. h4 Bf8 18. Ng5 b4 19. h5 bxc3 20. b3 gxh5 21. Rxh5 h6 22. Qd3 hxg5 23. Qh7+ Kf7 24. Qf5+ Nf6 25. Bxg5 Ke7 26. exf6+ Kd8 27. fxg7+ Be7 28. Rh8 Kc7 29. Bxe7 Rxh8 30. Qe5+ {[W: 0:01:40; B: 0:04:58]} 1-0

[Event "4NCL Online Division 2"]
[Site "online"]
[Date "2021.03.23"]
[EventDate "2021.03.23"]
[Round "5.102"]
[White "Ther, Mate"]
[WhiteElo "2100"]
[WhiteTeam "Bradford DCA Knights A"]
[Black "Altinsoy, Mehmet Nuri"]
[BlackElo "2018"]
[BlackTeam "Malpas/Oswestry/Friends"]
[Result "1/2-1/2"]
[PlyCount "102"]

1. e4 d5 2. exd5 Nf6 3. Nf3 Nxd5 4. d4 Nc6 5. c4 Nf6 6. d5 Nb8 7. Nc3 e6 8. Bg5 Be7 9. dxe6 Bxe6 10. Bd3 O-O 11. O-O c6 12. Qc2 h6 13. Bh4 Na6 14. Rad1 Qc7 15. a3 Nc5 16. Be2 Bg4 17. Bg3 Qc8 18. b4 Bf5 19. Qb2 Nce4 20. Nxe4 Nxe4 21. Be5 Bf6 22. Bxf6 Nxf6 23. Nd4 Bg6 24. f4 Bh5 25. Bxh5 Nxh5 26. Qc2 Qc7 27. g3 Rad8 28. Qe2 Nf6 29. Nf5 Rxd1 30. Rxd1 Rd8 31. Rd3 Rxd3 32. Qxd3 a5 33. Qd6 Qxd6 34. Nxd6 axb4 35. axb4 b6 36. Nc8 c5 37. b5 Nd7 38. Kf2 Kf8 39. Ke3 f5 40. h3 Kf7 41. g4 g6 42. gxf5 gxf5 43. Kf3 Kg6 44. Ne7+ Kf6 45. Nd5+ Kf7 46. Kg3 Kg7 47. Kh4 Kg6 48. Ne7+ Kf6 49. Nc8 Kg6 50. Nd6 Nf6 51. Nc8 Nd7 {[W: 0:22:22; B: 0:01:38]} 1/2-1/2

[Event "4NCL Online Division 2"]
[Site "online"]
[Date "2021.03.23"]
[EventDate "2021.03.23"]
[Round "5.103"]
[White "Higgie, Charles L"]
[WhiteElo "2032"]
[WhiteTeam "Malpas/Oswestry/Friends"]
[Black "Allis, Richard"]
[BlackElo "2014"]
[BlackTeam "Bradford DCA Knights A"]
[Result "1-0"]
[PlyCount "85"]

1. d4 c5 2. d5 d6 3. e4 e5 4. Nc3 a6 5. f4 b5 6. fxe5 b4 7. Nce2 dxe5 8. Nf3 Bd6 9. Ng3 Nf6 10. Bd3 O-O 11. O-O Qb6 12. Kh1 Ng4 13. Qe2 Re8 14. Nh4 g6 15. h3 Qd8 16. Nf3 Nf6 17. Bg5 Nbd7 18. Nd2 Be7 19. Rf2 Nxd5 20. Bxe7 Nxe7 21. Bc4 Rf8 22. Raf1 Nb6 23. Rxf7 Rxf7 24. Rxf7 Ned5 25. Rf2 Qh4 26. Kh2 Nxc4 27. Qxc4 Be6 28. exd5 Qxc4 29. Nxc4 Bxd5 30. Nxe5 Re8 31. Re2 Bxa2 32. b3 Bb1 33. Nd3 Rc8 34. Nb2 a5 35. Kg1 c4 36. Nxc4 Rxc4 37. bxc4 a4 38. c5 Ba2 39. c6 Bc4 40. c7 Ba6 41. Re6 Bb7 42. Rb6 Bc8 43. Rb8 {[W: 0:16:06; B: 0:48:21]} 1-0

[Event "4NCL Online Division 2"]
[Site "online"]
[Date "2021.03.23"]
[EventDate "2021.03.23"]
[Round "5.104"]
[White "Cullum, Dale H"]
[WhiteElo "1863"]
[WhiteTeam "Bradford DCA Knights A"]
[Black "Taylor, Robert K"]
[BlackElo "1956"]
[BlackTeam "Malpas/Oswestry/Friends"]
[Result "0-1"]
[PlyCount "84"]

1. d4 Nf6 2. c4 e6 3. Nf3 c5 4. d5 b5 5. dxe6 fxe6 6. cxb5 d5 7. Bg5 Nbd7 8. Nbd2 Bb7 9. g3 Bd6 10. Bg2 h6 11. Bxf6 Nxf6 12. O-O Qd7 13. a4 O-O 14. e4 dxe4 15. Ne1 Rfd8 16. Nc4 Bc7 17. Nc2 Qe8 18. Qe2 Rd7 19. Rad1 Rad8 20. Rxd7 Rxd7 21. Rd1 Bd5 22. N2e3 Qd8 23. Bh3 Bxc4 24. Rxd7 Bxe2 25. Rxd8+ Bxd8 26. Bxe6+ Kf8 27. Nf5 a6 28. bxa6 Bxa6 29. b3 g6 30. Nxh6 Be2 31. h4 Ke7 32. Bc8 Bd1 33. Ba6 Bxb3 34. Bb5 c4 35. Bxc4 Bxc4 36. g4 Ng8 37. Nxg8+ Bxg8 38. Kg2 Bb3 39. f3 e3 40. f4 e2 41. Kf2 Bc4 42. h5 Bb6+ {[W: 0:08:41; B: 0:08:40]} 0-1

[Event "4NCL Online Division 2"]
[Site "online"]
[Date "2021.03.23"]
[EventDate "2021.03.23"]
[Round "5.111"]
[White "Verma, Shlok"]
[WhiteElo "1989"]
[WhiteTeam "Kent KJCA Kestrels C"]
[Black "Breed, Greg J"]
[BlackElo "1892"]
[BlackTeam "Hatch End A"]
[Result "0-1"]
[PlyCount "86"]

1. d4 d5 2. c4 e6 3. Nf3 Nf6 4. Nc3 Be7 5. Bg5 O-O 6. e3 Nbd7 7. Bd3 h6 8. Bh4 c6 9. O-O dxc4 10. Bxc4 b5 11. Bd3 Bb7 12. Qc2 a6 13. Rad1 Rc8 14. Rfe1 c5 15. dxc5 Rxc5 16. b4 Rc8 17. a3 Bxf3 18. gxf3 Nd5 19. Bxe7 Qxe7 20. Bh7+ Kh8 21. Rxd5 exd5 22. Qd3 Rxc3 23. Qxc3 Kxh7 24. Qc6 Qe6 25. Qb7 Ne5 26. Rc1 Nxf3+ 27. Kf1 Nd2+ 28. Ke2 Nc4 29. Rc3 Qg4+ 30. Ke1 Qg1+ 31. Ke2 Qa1 32. Rd3 Qb2+ 33. Ke1 Qc1+ 34. Rd1 Qc3+ 35. Kf1 Qxa3 36. Rxd5 Qxb4 37. Qxa6 Nd2+ 38. Ke2 Qc4+ 39. Rd3 Nb3 40. Qa3 Nc1+ 41. Kf3 Nxd3 42. Qxf8 Ne5+ 43. Kg3 Qg4# {[W: 0:12:46; B: 0:25:06]} 0-1

[Event "4NCL Online Division 2"]
[Site "online"]
[Date "2021.03.23"]
[EventDate "2021.03.23"]
[Round "5.112"]
[White "Phillips, William"]
[WhiteElo "1745"]
[WhiteTeam "Hatch End A"]
[Black "Salimu, Reuben"]
[BlackElo "1893"]
[BlackTeam "Kent KJCA Kestrels C"]
[Result "1/2-1/2"]
[PlyCount "93"]

1. d4 d5 2. Nf3 Nf6 3. e3 Bg4 4. Bd3 e6 5. O-O Be7 6. Nbd2 O-O 7. c3 c5 8. Re1 Nc6 9. dxc5 Bxc5 10. b4 Be7 11. Bb2 a6 12. a4 e5 13. Be2 e4 14. Nd4 Bxe2 15. Qxe2 Ne5 16. Nf5 Rc8 17. Nb3 Nd3 18. Red1 Qd7 19. Nxe7+ Qxe7 20. Nc1 Nxc1 21. Raxc1 Qe6 22. h3 Rc4 23. Rd4 Rfc8 24. Rcd1 h6 25. Rxc4 Rxc4 26. Rd4 Qc6 27. Rxc4 dxc4 28. Qd1 Kf8 29. b5 Qd5 30. Ba3+ Ke8 31. Qb1 axb5 32. Qb4 Kd7 33. axb5 Kc7 34. Qa5+ Kb8 35. Qb4 Kc7 36. Qa5+ Kd7 37. Qb4 Ke6 38. g4 Kd7 39. Qe7+ Kc8 40. b6 Qd7 41. Qc5+ Qc6 42. Qf8+ Ne8 43. Qxf7 Kd8 44. Qe7+ Kc8 45. Qf7 Kd8 46. Qe7+ Kc8 47. Qf7 {[W: 0:01:53; B: 0:03:44]} 1/2-1/2